02124nam a2200349 a 450000100100000000500170001000800410002702000130006804000250008108200200010624501110012626000650023730000280030250508170033065000440114765000210119165000330121265000340124570000360127970000340131570000300134970000350137970000380141470000350145270000290148770000260151670000420154271000400158404900090162495201240163399900170175700002489520250226101152.0100712s1997 ag a 000 | spa d z98796446 aDO-SdBNPbspacBNPHU a574.5268bG215b00aGuía práctica de ecología urbana /cAntonio Elio Brailovsky; ... [et al.] ; prólogo Gustavo Beliz. a[Argentina] :bCentro de Investigaciones Ambientales,c1997. a254 p. :bil. ;c21 cm.0 tPrólogotEcología urbana depende de nosotros /rFederico José CaeirotAlgunas reflexionestEl agua: algo más que H2O /rMaría c. Zeballos de SistotCuidar el aire, cuidar nuestra vida /rElita RosalestLos residuos urbanos /rMariana SalaberrytEspacios verdes /rElita RosalestContaminación visual /rSilvina García ContotRuidosa Buenos Aires /rLeopoldo NavarrotFauna urbana /rFederico José CaeirotModificaciones hábitos de consumo /rFederico José CaeirotDerrochando energías /rFrancisco José PestnhatUn cuento: cómo explicar lo inexplicable /rMaría c. Zeballos de SistotUna constitución ecológica /rAntonio Elio BrailovskytConstitución de la ciudad de Buenos Aires /tTeléfonos y direcciones útiles Bibliografías Los autores /tBibliografíastLos autores 0aEcología urbana (Sociología)951100 0aUrbanismo951101 4aSostenibilidad urbana951102 4aPlanificación urbana9511031 aBrailovsky, Antonio Elio9511041 aAnaya, Benjamíneil.9511051 aSalaberry, Mariana9511061 aGarcía Conto, Silvina9511071 aPestnha , Francisco José9511081 aCaeiro, Federico José9511091 aNavarro, Leopoldo9511101 aRosales, Elita9511111 aZeballos de Sisto , María c.9511122 aFundación Nueva Dirigencia951113 aBNGR 001054708MOaGRbGRcCTd2011-02-07iLF1l0o574.5268 G215bp24895-10r2020-06-25w2020-06-25y4ZPréstamo en sala c24388d24388